Ele (Record no. 180134)
[ view plain ]
| 000 -LEADER | |
|---|---|
| fixed length control field | 01450nam a2200217Ia 4500 |
| 003 - CONTROL NUMBER IDENTIFIER | |
| control field | OSt |
| 005 - DATE AND TIME OF LATEST TRANSACTION | |
| control field | 20250225115049.0 |
| 008 - FIXED-LENGTH DATA ELEMENTS--GENERAL INFORMATION | |
| fixed length control field | 210707s1983 xx 000 0 und d |
| 040 ## - CATALOGING SOURCE | |
| Transcribing agency | AL |
| 041 ## - LANGUAGE CODE | |
| Language code of text/sound track or separate title | Kannada |
| 082 ## - DEWEY DECIMAL CLASSIFICATION NUMBER | |
| Classification number | K894.3 ANUE |
| 100 ## - MAIN ENTRY--PERSONAL NAME | |
| Personal name | ANUPAMA NIRANJANA |
| Dates associated with a name | ಅನುಪಮಾ ನಿರಂಜನ |
| 9 (RLIN) | 157194 |
| 245 ## - TITLE STATEMENT | |
| Title | Ele |
| Remainder of title | ಎಳೆ |
| 260 ## - PUBLICATION, DISTRIBUTION, ETC. | |
| Place of publication, distribution, etc. | Bengaluru |
| Name of publisher, distributor, etc. | Vishva Kannada Sammelana |
| Date of publication, distribution, etc. | 1983 |
| 300 ## - PHYSICAL DESCRIPTION | |
| Extent | 204 p |
| 365 ## - TRADE PRICE | |
| Price amount | 2 |
| Currency code | INR |
| 520 ## - SUMMARY, ETC. | |
| Summary, etc. | ಎಳೆ’ ಕೃತಿಯು ಅನುಪಮಾ ನಿರಂಜನ ಅವರ ಕಾದಂಬರಿಯಾಗಿದೆ. ಕೌಟುಂಬಿಕ ವಿಚಾರಗಳ ಎಳೆಯನ್ನು ಕಟ್ಟಿಕೊಡುವ ಈ ಕೃತಿಯು ಹೆಣ್ಣಿನ ಧೈರ್ಯ ಹಾಗೂ ಆಕೆಯ ವಿಚಾರವಂತಿಕೆಗೆ ಲೇಖಕಿ ಇಲ್ಲಿ ಧ್ವನಿಯಾಗಿದ್ದಾರೆ. ಭಕ್ತಿಯ ಪ್ರಾಧಾನ್ಯತೆಯು ಈ ಕೃತಿಯಲ್ಲಿ ಪ್ರಮುಖವಾಗಿ ಕಾಣುತ್ತದೆ. ಪ್ರಗತಿಶೀಲರ ಪ್ರಗತಿಪರ ಧೋರಣೆ ಮತ್ತು ಬಂಡಾಯ ಮನೋಭಾವ ಹಾಗೂ ನವ್ಯರ ಆತ್ಮಶೋಧನೆ ಮತ್ತು ಕಲಾತ್ಮಕತೆ, ಈ ಎರಡು ಗುಣಗಳು ಕೂಡ ಅವರ ಕಾದಂಬರಿಯಲ್ಲಿವೆ<br/><br/> |
| 563 ## - BINDING INFORMATION | |
| Binding note | PB |
| 650 ## - SUBJECT ADDED ENTRY--TOPICAL TERM | |
| Topical term or geographic name entry element | Kannada Fiction |
| 9 (RLIN) | 157195 |
| 942 ## - ADDED ENTRY ELEMENTS (KOHA) | |
| Source of classification or shelving scheme | Dewey Decimal Classification |
| Koha item type | Book |
| Withdrawn status | Lost status | Damaged status | Not for loan | Collection code | Home library | Current library | Date acquired | Cost, normal purchase price | Total Checkouts | Full call number | Barcode | Date last seen | Price effective from | Koha item type |
|---|---|---|---|---|---|---|---|---|---|---|---|---|---|---|
| St Aloysius Library | St Aloysius Library | 05/04/2005 | 2.00 | K894.3 ANUE | BB04036 | 07/08/2021 | 07/08/2021 | Book Bank |